Country Flags With Diagonal Stripes - Statistics

General Stats
  • This quiz has been taken 343 times
  • The average score is 15 of 16
Answer Stats
Picture Answer % Correct
Bhutan
99%
Jamaica
99%
North Macedonia
99%
United Kingdom
99%
Papua New Guinea
97%
Seychelles
97%
Brunei
95%
Trinidad and Tobago
95%
Democratic Republic of the Congo
93%
Marshall Islands
92%
Burundi
91%
Tanzania
90%
Republic of the Congo
86%
Saint Kitts and Nevis
86%
Namibia
85%
Solomon Islands
82%
No matching quizzes found
Score Distribution
Percent of People with Each Score
Percentile by Number Answered
Your Score History
You have not taken this quiz